Copa Mundial de la FIFA 2006 - Estadísticas

Estadísticas generales
  • Esta prueba ha sido intentada 393 veces
  • La puntuación promedio es 26 de 32
Estadísticas de respuestas
GRUPO % Correcto
Alemania
98%
Argentina
98%
Brasil
97%
Italia
97%
Portugal
96%
España
95%
México
95%
Francia
94%
Estados Unidos
93%
Inglaterra
93%
Corea del Sur
91%
Japón
91%
Australia
89%
Países Bajos
88%
Ecuador
87%
Paraguay
86%
Serbia y Montenegro
86%
Suecia
83%
Suiza
83%
Costa Rica
81%
Polonia
80%
Ghana
78%
Costa de Marfil
75%
Ucrania
75%
Croacia
74%
Irán
72%
Arabia Saudita
69%
Túnez
67%
República Checa
55%
Togo
54%
Trinidad y Tobago
54%
Angola
50%
No se encontraron pruebas coincidentes
Distribución de puntuación
Porcentaje de gente con cada puntuación
Porcentaje por número respondido
Historial de tus puntuaciones
No has intentado esta prueba.